EFFECTIVE OF CORN POWDER RATES IN SAWDUST TO THE GROWTH OF OYSTER MUSHROOM. ប្រសិទ្ធភាពម្សៅពោតលាយជាមួយអាចម៍រណាលើដំណាំផ្សិតអំបោះ (Record no. 21586)

000 -LEADER
fixed length control field 00614nam a22001337a 4500
040 ## - CATALOGING SOURCE
Transcribing agency RUA
082 ## - DEWEY DECIMAL CLASSIFICATION NUMBER
Classification number AGR SAL 2020 B1.598 Or.
100 ## - MAIN ENTRY--AUTHOR NAME
Personal name SAL CHANRA សល់​ ចាន់រ៉ា
245 ## - TITLE STATEMENT
Title EFFECTIVE OF CORN POWDER RATES IN SAWDUST TO THE GROWTH OF OYSTER MUSHROOM. ប្រសិទ្ធភាពម្សៅពោតលាយជាមួយអាចម៍រណាលើដំណាំផ្សិតអំបោះ
260 ## - PUBLICATION, DISTRIBUTION, ETC. (IMPRINT)
Place of publication Phnom Penh
Name of publisher RUA
Year of publication 2020
300 ## - PHYSICAL DESCRIPTION
Number of Pages X.33P
Other physical details VII.
Dimensions 29CM
856 ## - ELECTRONIC LOCATION AND ACCESS
Uniform Resource Identifier https://drive.google.com/file/d/1HgtJOQefNY8nUXBYbopwGxsEXLR8Ap7P/view?usp=sharing
942 ## - ADDED ENTRY ELEMENTS (KOHA)
Koha item type AGR
952 ## - LOCATION AND ITEM INFORMATION (KOHA)
Withdrawn status [LOCAL, KOHA] 0
952 ## - LOCATION AND ITEM INFORMATION (KOHA)
Withdrawn status [LOCAL, KOHA] 0
952 ## - LOCATION AND ITEM INFORMATION (KOHA)
Withdrawn status [LOCAL, KOHA] 0
952 ## - LOCATION AND ITEM INFORMATION (KOHA)
Withdrawn status [LOCAL, KOHA] 0
952 ## - LOCATION AND ITEM INFORMATION (KOHA)
Withdrawn status [LOCAL, KOHA] 0
952 ## - LOCATION AND ITEM INFORMATION (KOHA)
Withdrawn status [LOCAL, KOHA] 0
Holdings
Permanent Location Date acquired Koha item type Lost status Shelving location Barcode Current Location Full call number
Library Block B2023-08-04AGR B1.598a074283Library Block BAGR SAL 2020 B1.598 Or.
Library Block B2023-08-04AGR B1.598a074279Library Block BAGR SAL 2020 B1.598 Or.
Library Block B2023-08-04AGR B1.598a074275Library Block BAGR SAL 2020 B1.598 Or.
Library Block B2023-08-04AGR B1.598a074267Library Block BAGR SAL 2020 B1.598 Or.
Library Block B2023-08-04AGR B1.598a074287Library Block BAGR SAL 2020 B1.598 Or.
Library Block B2023-08-04AGR B1.598a074376Library Block BAGR SAL 2020 B1.598 Or.
មជ្ឈមណ្ឌលឯការនៃសាកលវិទ្យាល័យភូមិន្ទកសិកម្មចំការដូង

Powered by Koha